00879cam a22002535a 4500001001000000003000400010005001700014008004100031020001800072020001500090040004000105082001700145245008400162250003100246260003600277300003300313504005100346650002800397653002200425700005600447942000800503999001700511952009700528015571686OSt20180102151004.0100602s2011 nyua frb 001 0 eng d a9780071289511 a0071289518 aStDuBDSbengcStDuBDSdUkdEG-ScBUE04a624222bCON00aConstruction planning, equipment and methods /cRobert L. Peurifoy ... [et al.] a8th ed., International ed. aNew York :bMcGraw-Hill,c2011. axv, 800 p. :bill. ;c23 cm. aIncludes bibliographical references and index. 7aBuilding.2BUEsh937769 bGGENcJanuary20181 aPeurifoy, R. L.q(Robert Leroy),d1902-1995.925464 2ddc c25845d25817 00102ddc4070aMAINbMAINc1STd2018-01-02l0o624 CONp000047080r2025-07-15 00:00:00yBB